000 00967cam a2200253 4500
001 WB3725-15
008 000000n2001 000 0 eng u
035 _a(Sirsi) u113317
245 _aPast and future for real estate
260 _c2001
490 _aFinancial Times
_v25 June 2001, 12-13(3)
520 _aA focus on real estate investment discusses the advantages of investing in property, the importance of timing in the property market, investing in the US, western Europe and Japan, and the skills and approach required to achieve high-return property investing. Graph.
590 _aWB
650 _aPROPERTY ASSETS
650 _aCASH FLOW
650 _aREAL ESTATE
650 _aPROPERTY INVESTMENT
650 _aPROPERTY-COMMERCIAL PROPERTY-COMMERCIAL PROPERTY MARKET
650 _aUNITED STATES
650 _aJAPAN
650 _aEUROPE
690 _aPROPERTY-COMMERCIAL PROPERTY-COMMERCIAL PROPERTY FINANCE AND INVESTMENT
942 _n0
999 _c67502
_d67502